000 01574nam a2200265Ia 4500
999 _c56495
_d56495
001 23608
003 GE_BSU
005 20191025110630.0
008 181216s2018||||ge |||||||||||||| ||geo||
020 _a9789941462832
041 _ageo
080 _a39(=353.1)(479.22) მ-45
100 _aმგელაძე, ნუგზარ
_91897
245 _aქართული ტრადიციული საზოგადოების სოციალური არქიტექტონიკის თეორიული პრობლემები /
_cნუგზარ მგელაძე ; რედ : მ. ქურდიანი ; ს. ბახია.
264 _aბათუმი :
_bბათუმის შოთა რუსთაველის სახ. უნ-ტი,
_c2018.
300 _a197 გვ. :
_c20 სმ.
504 _aბიბლიოგრ. გვ.: 181-194
520 _aტექსტი რუს. ენ.
653 _aეთნოლოგია, საზოგადოების სოციალური სტრუქტურა
653 _aეთნოლოგია
653 _aქართული ტრადიციული საზოგადოების სოციალური არქიტექტონიკის თეორიული პრობლემები
700 _aქურდიანი, მ
_eრედაქტორი
_95022
700 _a ბახია, ს
_eრედაქტორი
_95023
942 _cBK
_2udc